000 00794nam a2200217Ii 4500
003 JO-AjNU
008 230605s9999||||xx |||||||||||||| ||und||
017 _a2006/2389
020 _a977-373-057-3
040 _aJO-AjNU
_bara
_erda
_cJO-AjNU
041 _aara
050 1 4 _aHD30.3.I87.2007
100 3 _aخبراء مركز الخبرات المهنية للادارة بميك؛مستشار علمي عبدالرحمن توفيق,
_eauthor
_932356
245 0 0 _aادارة الحوار والاتصال
264 3 1 _aالقاهرة:مركز الخبرات المهنية للادارة بميك،2007
300 _a62ص
336 _atext
_btxt
_2rdacontent
337 _aunmediated
_bn
_2rdamedia
338 _avolume
_bnc
_2rdacarrier
650 4 _aالاتصال الاداري
_932357
999 _aA13052
_c16620
_d16620